LEADER 01316nam--2200385---450- 001 990001711930203316 005 20050415104607.0 035 $a000171193 035 $aUSA01000171193 035 $a(ALEPH)000171193USA01 035 $a000171193 100 $a20040531d1980----km-y0itay0103----ba 101 0 $aita 102 $aIT 105 $a||||||||001yy 200 1 $aStoria delle sette religiose in Russia$edagli anni ì60 del 19. scolo al 1971$fAleksandr Il'ic Klibanov$ga cura di Valdo Zilli$g[trad. di R. Loy] 210 $aFirenze$cLa Nuova Italia$d1980 215 $aXXXVI, 663 p.$d21 cm 225 2 $aBiblioteca di storia$v31 410 0$12001$aBiblioteca di storia$v31 454 1$12001$aIstorija religioznogo sektantstva v Rossii (60 e gody 19 v. )$926852 606 0 $aSette religiose$yRussia$zSec. 19.-20. 676 $a288 700 1$aKLIBANOV,$bAleksandr Ill'ic$0562410 702 1$aZILLI,$bValdo 702 1$aLOY,$bR. 801 0$aIT$bsalbc$gISBD 912 $a990001711930203316 951 $aII.2. 7958(III E coll. 13/31)$b92270 L.M.$cIII E coll. 959 $aBK 969 $aUMA 979 $aSIAV1$b10$c20040531$lUSA01$h0922 979 $aCOPAT5$b90$c20050415$lUSA01$h1046 996 $aIstorija religioznogo sektantstva v Rossii (60 e gody 19 v.$926852 997 $aUNISA LEADER 01215nam 2200397 450 001 9910466237103321 010 $a1-944883-19-3 035 $a(CKB)3710000001307855 035 $a(MiAaPQ)EBC4853062 035 $a(EXLCZ)993710000001307855 100 $a20170519h20162016 uy 0 101 0 $aeng 135 $aurcnu|||||||| 181 $2rdacontent 182 $2rdamedia 183 $2rdacarrier 200 00$aCases in head and neck cancer $ea multidisciplinary approach /$fBari Hoffman Ruddy [and three others] 210 1$aSan Diego, California :$cPlural Publishing, Inc.,$d2016. 210 4$d©2016 215 $a1 online resource (286 pages) $cillustrations (some color), tables 311 $a1-59756-715-9 320 $aIncludes bibliographical references at the end of each chapters and index. 606 $aHead$xCancer 606 $aNeck$xCancer 608 $aElectronic books. 615 0$aHead$xCancer. 615 0$aNeck$xCancer. 676 $a616.99491 702 $aHoffman Ruddy$b Bari 801 0$bMiAaPQ 801 1$bMiAaPQ 801 2$bMiAaPQ 906 $aBOOK 912 $a9910466237103321 996 $aCases in head and neck cancer$92157645 997 $aUNINA